000 00193 a2200097 4500
001 22591
100 _aAbraham
245 _aOlumpiad rome 1960
260 _a
_bCassel
_c
090 _c15249
_d15249
942 _aNUST-CAE
_cM
_c5835
999 _c257664
_d257664